Central Library OPAC University of Rajshahi

Rorschach responses in old age / (Record no. 29155)

MARC details
000 -LEADER
fixed length control field 00879cam a22003011 4500
001 - CONTROL NUMBER
control field 29155
003 - CONTROL NUMBER IDENTIFIER
rucl marc code BD-RjUL
005 - DATE AND TIME OF LATEST TRANSACTION
control field 20211209051359.0
008 - FIXED-LENGTH DATA ELEMENTS--GENERAL INFORMATION
fixed length control field 140402s1954 nyua b 001 0 eng
035 ## - SYSTEM CONTROL NUMBER
System control number (BD-RjUL)29240
System control number (OCoLC)770150
040 ## - CATALOGING SOURCE
Original cataloging agency DLC
Transcribing agency OTMC
Modifying agency OCoLC
-- DLC
-- BD-RjUL
Language of cataloging eng
041 ## - LANGUAGE CODE
Language code of text/sound track or separate title eng
082 ## - DEWEY DECIMAL CLASSIFICATION NUMBER
Classification number 137.8
Author mark and year ROR 1954
100 1# - MAIN ENTRY--PERSONAL NAME
Personal name Ames, Louise Bates.
9 (RLIN) 44166
245 10 - TITLE STATEMENT
Title Rorschach responses in old age /
Statement of responsibility, etc. by Louise Bates Ames ...[rt al. ]
250 ## - EDITION STATEMENT
Edition statement 1st ed.
260 ## - PUBLICATION, DISTRIBUTION, ETC. (IMPRINT)
Place of publication, distribution, etc. New York :
Name of publisher, distributor, etc. A hoeber- harper book,
Date of publication, distribution, etc. c1954.
300 ## - PHYSICAL DESCRIPTION
Pagination xiv, 229 p. :
Illustrations ill. ;
Size 24 cm.
500 ## - GENERAL NOTE
General note "A Hoeber-Harper book."
504 ## - BIBLIOGRAPHY, ETC. NOTE
Bibliography, etc Includes bibliography and index.
650 #0 - SUBJECT ADDED ENTRY--TOPICAL TERM
Topical term or geographic name as entry element Old age.
9 (RLIN) 89006
Topical term or geographic name as entry element Rorschach Test.
9 (RLIN) 88677
700 ## - ADDED ENTRY--PERSONAL NAME
Personal name Ames, Louise Bates.
942 ## - ADDED ENTRY ELEMENTS (KOHA)
Source of classification or shelving scheme Dewey Decimal Classification
Koha item type Books
Holdings
Lost status Source of classification or shelving scheme Damaged status Not for loan Collection code Permanent Location Current Location Shelving location Date acquired Source of acquisition Cost, normal purchase price Total Checkouts Full call number Date last seen Copy number Koha item type
  Dewey Decimal Classification   Added to bundle Non-fiction Central Library, University of Rajshahi Central Library, University of Rajshahi Reading Room 10/03/1958 Pw M.T. Rahman 6.75   137.8 ROR 1954 02/04/2014 C-1 Books